00449nam a2200181Ia 4500008004100000020001800041050001400059100001900073245002400092245005100116260001500167260001600182260000900198300001500207300002700222300001000249500000800259170918s9999 xx 000 0 und d a9780439753807 bD256 2003 aDavies, Nicola aSurprising sharks / cby Nicola Davies ; illustrated by James Croft. aNew York : bScholastic, c2003 a29 pages : bcolored illustration ; c25cm. a710